| 000 | 00715nam a22001817a 4500 | ||
|---|---|---|---|
| 005 | 20251113114020.0 | ||
| 008 | 251113b |||||||| |||| 00| 0 eng d | ||
| 020 | _aN/A | ||
| 040 | _c. | ||
| 082 | _a610 R 933 1992 | ||
| 100 | _aالرهاوي ,اسحاق بن علي | ||
| 245 |
_aآداب الطبيب _b/ _cاسحاق بن علي الرهاوي |
||
| 250 | _a1 ط | ||
| 260 | _bالسعودية , الرياض ,مركز الملك فيصل للبحوث و الدراسات الإسلامية ,1992 | ||
| 300 |
_a355 ص _c25 سم |
||
| 650 | _z الطب العربي | الطب (مهنة) | علم الأمراض) | علم الأمراض | الأخلاق الطبية | العلاج | ||
| 942 |
_2ddc _cBK-AR _n0 |
||
| 999 |
_c8104 _d8104 |
||